LIBRARY & INFORMATION CENTRE, KCAET, TAVANUR

ONLINE PUBLIC ACCESS CATALOGUE (OPAC)

Prem teerth / (Record no. 3639)

MARC details
000 -LEADER
fixed length control field 00451cam a2200193ua 4500
041 ## - LANGUAGE CODE
Language code of text/sound track or separate title hin
082 ## - DEWEY DECIMAL CLASSIFICATION NUMBER
Classification number 891.54
Item number PRE/PR
100 ## - MAIN ENTRY--AUTHOR NAME
Personal name Premchand, .
245 ## - TITLE STATEMENT
Title Prem teerth /
250 ## - EDITION STATEMENT
Edition statement 9 /
260 ## - PUBLICATION, DISTRIBUTION, ETC. (IMPRINT)
Place of publication New Delhi :
Name of publisher Saraswathi Press ,
Year of publication 1962.
300 ## - PHYSICAL DESCRIPTION
Number of Pages 158 ; .
942 ## - ADDED ENTRY ELEMENTS (KOHA)
Koha item type Books
Holdings
Withdrawn status Lost status Damaged status Home library Current library Date acquired Full call number Accession Number Koha item type Public note
Withdrawn     KAUAET Sanskrit University 07/04/2012 891.54 2919 Books  
Withdrawn     KAUAET Sanskrit University 07/04/2012 891.54 6215 Books Transferred to Sanskrit University
free website counter